Catching Up? Intergenerational Mobility and Children of Immigrants

Saved in:
Bibliographic Details
Format: Book
Language:English
Published: Paris OECD 2017
Subjects:
Tags: Add Tag
No Tags, Be the first to tag this record!

MARC

LEADER 00000nam a2200000 4500
001 0242007
005 20240314122750.0
020 |a 978-92-64-28803-4 
041 0 |a eng 
044 |a FR 
245 1 0 |a Catching Up? Intergenerational Mobility and Children of Immigrants 
264 1 |a Paris  |b OECD  |c 2017 
300 |a 151 s. 
610 2 0 |a migrácia 
610 2 0 |a mobilita sociálna 
610 2 0 |a trh práce 
610 2 0 |a vzdelávanie 
610 2 0 |a zručnosti